000 00253nam a22001217a 4500
008 170728b xxu||||| |||| 00| 0 eng d
041 _aeng
080 _a004
100 _a31
101 _aSHK
245 _aINFORMATIONEN
_cMODROW,H.D
942 _2udc
_cBK
999 _c22117
_d22117